000 00184 a2200097 4500
020 _a620562007578
041 _aeng
100 _aCrystal Bowman
245 _aMorning Mr Ted
942 _cK
999 _c26695
_d26695